Côte-d'Or - mort subite - Statistiques

Statistiques générales
  • Ce quiz a été pris 27 fois
  • Le résultat moyen est 11 sur 18
Answers on the Grid
Answers color-coded by a green-red scale on the quiz's grid according to % correct below.
Noisy-le-Grand
Beaune
La Saône
Iseyin
Dijon
Pereira
Rivne
Verviers
Nuits-Saint-Georges
Châtillon-sur-Seine
Sivas
Le château de Bussy Rabutin
Is-sur-Tille
Seremban
Babrouïsk
Heze
Semur-en-Auxois
Chevigny-Saint-Sauveur
Navan
Pursat
Clos de Vougeot
Palais Bourbon
Chenôve
Le lieu de naissance de Gustave Eiffel
Sibiu
Ninove
Talant
Corton
Zenica
Agder
Le château de La Rochepot
Domaine de la Romanée-Conti
Un aéroport international
Genlis
Lunga Lunga
Le palais des ducs et des États de Bourgogne
 
Statistiques - réponses
Réponse % Correct
Dijon
100%
Beaune
91%
Nuits-Saint-Georges
77%
Is-sur-Tille
73%
Chevigny-Saint-Sauveur
68%
Dijon Le lieu de naissance de Gustave Eiffel
68%
Le palais des ducs et des États de Bourgogne
68%
Chenôve
59%
Domaine de la Romanée-Conti
59%
La Saône
59%
Semur-en-Auxois
59%
Talant
59%
Châtillon-sur-Seine
55%
Clos de Vougeot
50%
Genlis
45%
Le site et nom d'une appellation d'origine contrôlée Corton
36%
Le château de La Rochepot
36%
Le château de Bussy Rabutin
27%
Aucun quiz correspondant
Distribution des résultats
% des personnes avec chaque résultat
Percentile par nombre de réponses
Votre historique - résultats
Vous n’avez pas pris ce quiz